000 00397nam a2200121Ia 4500
008 220216s9999 xx 000 0 und d
100 _aNair V.K.G.
245 0 _aNatural rubber: Three decades of research and development in India
260 _bRubber Research Institute of India, Rubber Board, Kottayam, India, 118 p.
_c1983
650 _aBibliography
650 _aRubber literature
942 _cBS
999 _c52735
_d52735